Mathematics education / (Record no. 2245)
[ view plain ]
| 000 -LEADER | |
|---|---|
| fixed length control field | 00730nam a22002412 4500 |
| 001 - CONTROL NUMBER | |
| control field | 0000003836 |
| 005 - DATE AND TIME OF LATEST TRANSACTION | |
| control field | 20151217145741.0 |
| 008 - FIXED-LENGTH DATA ELEMENTS--GENERAL INFORMATION | |
| fixed length control field | 070515s xx 000 0 eng d |
| 020 ## - INTERNATIONAL STANDARD BOOK NUMBER | |
| Terms of availability | KES 600 |
| 040 ## - CATALOGING SOURCE | |
| Original cataloging agency | KABU |
| Transcribing agency | KABU |
| 050 #0 - LIBRARY OF CONGRESS CALL NUMBER | |
| Classification number | QA11 |
| Item number | .M88 |
| 100 1# - MAIN ENTRY--PERSONAL NAME | |
| Personal name | Mutunga, Peter. |
| -- | 0000161123 |
| 245 10 - TITLE STATEMENT | |
| Title | Mathematics education / |
| Statement of responsibility, etc. | Peter Mutunga, John Breakell. |
| 260 ## - PUBLICATION, DISTRIBUTION, ETC. (IMPRINT) | |
| Place of publication, distribution, etc. | Nairobi : |
| Name of publisher, distributor, etc. | ERAP, |
| Date of publication, distribution, etc. | 1992. |
| 300 ## - PHYSICAL DESCRIPTION | |
| Extent | ii, 264 p. |
| 650 #0 - SUBJECT ADDED ENTRY--TOPICAL TERM | |
| Topical term or geographic name as entry element | Mathematics |
| General subdivision | Study and teaching. |
| -- | 0000159607 |
| 700 1# - ADDED ENTRY--PERSONAL NAME | |
| Personal name | Breakell, John. |
| -- | 0000161124 |
| 908 ## - PUT COMMAND PARAMETER (RLIN) | |
| Put command parameter | 070515 |
| 950 ## - LOCAL HOLDINGS (RLIN) | |
| -- | 1 |
| Withdrawn status | Lost status | Source of classification or shelving scheme | Not for loan | Home library | Current library | Date acquired | Total Checkouts | Full call number | Barcode | Date last seen | Price effective from | Koha item type | Cost, normal purchase price | Total Renewals | Date last checked out | Copy number |
|---|---|---|---|---|---|---|---|---|---|---|---|---|---|---|---|---|
| Library of Congress Classification | Kabarak, Main Campus | Kabarak, Main Campus | 17/12/2015 | QA11 .M88 c. 1 | 004635 | 17/12/2015 | 17/12/2015 | General Collection | ||||||||
| Library of Congress Classification | Kabarak, Main Campus | Kabarak, Main Campus | 17/12/2015 | QA11 .M88 c. 2 | 15031 | 17/12/2015 | 17/12/2015 | General Collection | ||||||||
| Library of Congress Classification | Kabarak, Main Campus | Kabarak, Main Campus | 17/12/2015 | QA11 .M88 c. 3 | 15032 | 17/12/2015 | 17/12/2015 | General Collection | ||||||||
| Library of Congress Classification | Kabarak, Main Campus | Kabarak, Main Campus | 24/09/2018 | 1 | QA11 .M88 c. 4 | 022181 | 25/05/2022 | 24/09/2018 | General Collection | 500.00 | 1 | 26/10/2018 | c. 4 | |||
| Library of Congress Classification | Kabarak, Main Campus | Kabarak, Main Campus | 24/09/2018 | QA11 .M88 c. 5 | 022182 | 24/09/2018 | 24/09/2018 | General Collection | 500.00 | c. 5 | ||||||
| Library of Congress Classification | Kabarak, Main Campus | Kabarak, Main Campus | 27/09/2018 | 1 | QA11 .M88 c. 6 | 024523 | 11/12/2021 | 24/09/2018 | General Collection | 500.00 | 27/11/2021 | c. 6 |